| 000 | 00604cam a2200229 4500 | ||
|---|---|---|---|
| 001 | D1951 | ||
| 008 | 090401t1983 xxu||||| |||| 00| 0 eng d | ||
| 035 | _a(Sirsi) u66658 | ||
| 041 | _aeng | ||
| 050 | _a690.25 | ||
| 110 | _aBuilding Research Establishment | ||
| 245 | _aPlastics drainage pipes: storage and handling. | ||
| 260 |
_aGarston, Watford _bBRE _c1983 |
||
| 300 | _a1 sheet : ill. ; 30cm. | ||
| 350 | _a0 | ||
| 490 |
_aDefect Action Sheet _v40 (Site) |
||
| 490 |
_aDAS _v40 |
||
| 650 | _aDRAINS | ||
| 690 | _aBUILT ENVIRONMENT-BUILDING PATHOLOGY | ||
| 942 | _n0 | ||
| 948 | _c04/03/1997 | ||
| 999 |
_c94920 _d94920 |
||